<?xml version="1.0" encoding="UTF-8"?>
<record
    xmlns:xsi="http://www.w3.org/2001/XMLSchema-instance"
    xsi:schemaLocation="http://www.loc.gov/MARC21/slim http://www.loc.gov/standards/marcxml/schema/MARC21slim.xsd"
    xmlns="http://www.loc.gov/MARC21/slim">

  <leader>02767nam a22002777a 4500</leader>
  <controlfield tag="005">20230130162355.0</controlfield>
  <controlfield tag="008">220928b           ||||| |||| 00| 0 eng d</controlfield>
  <datafield tag="020" ind1=" " ind2=" ">
    <subfield code="a">9789048156795</subfield>
  </datafield>
  <datafield tag="040" ind1=" " ind2=" ">
    <subfield code="c">AL</subfield>
  </datafield>
  <datafield tag="041" ind1=" " ind2=" ">
    <subfield code="a">English</subfield>
  </datafield>
  <datafield tag="082" ind1=" " ind2=" ">
    <subfield code="2">23</subfield>
    <subfield code="a">583.0433</subfield>
    <subfield code="b">BHOC</subfield>
  </datafield>
  <datafield tag="100" ind1=" " ind2=" ">
    <subfield code="a">S S Bhojwani and others</subfield>
    <subfield code="9">70158</subfield>
  </datafield>
  <datafield tag="245" ind1=" " ind2=" ">
    <subfield code="a">Current Trends in the Embryology of Angiosperms</subfield>
  </datafield>
  <datafield tag="260" ind1=" " ind2=" ">
    <subfield code="a">Dordrecht</subfield>
    <subfield code="b">Springer Science+Business Media</subfield>
    <subfield code="c">2001</subfield>
  </datafield>
  <datafield tag="300" ind1=" " ind2=" ">
    <subfield code="a">ix,533 p.</subfield>
    <subfield code="b">PB</subfield>
    <subfield code="c">27x21 cm.</subfield>
  </datafield>
  <datafield tag="365" ind1=" " ind2=" ">
    <subfield code="a">4177</subfield>
    <subfield code="b">&#x20B9;16505.00</subfield>
    <subfield code="c">&#x20AC;261.67</subfield>
    <subfield code="d">&#x20B9;22006.00</subfield>
    <subfield code="e">25%</subfield>
    <subfield code="f">12-09-2022</subfield>
  </datafield>
  <datafield tag="520" ind1=" " ind2=" ">
    <subfield code="a">The revolutionary progress made in this fascinating field of sexual reproduction inspired this generously illustrated volume. It includes 21 chapters written by experts, covering all aspects of the embryology of angiosperms, ranging from development, isolation, and structure of gametes to endosperm and seed development
Table of contents
Introduction. 1. Male Gametogenesis; Development and Structure of Sperm; D. Southworth, S.C. Russell. 2. Sperm and Generative Cell; Isolation and Manipulation; D. Southworth. 3. Pollen Germination and Pollen Tube Growth; Tip Growth Mechanism in Sexual Plant Reproduction; A. Moscatelli, M. Cresti. 4. Female Gametogenesis; Ontogenesis of the Embryo Sac and Female Gametes; S.D. Russell. 5. Embryo Sac; Isolation and Manipulation; D.D. Cass, J.D. Laurie. 6. In Vivo Fertilization; T.B. Batygina, V.E. Vasilyeva. 7. In Vitro Fertilization; E. Kranz. 8. Sexual Incompatibility; F. Cruz-Garcia, B.A. MacClure. 9. Zygotic Embryogenesis; Structural Aspects; R. Czapik, R. Izmailow. 10. Zygotic Embryogenesis; Hormonal Control of Embryo Development; B. Fischer-Iglesias, G. Neuhaus. 11. Zygotic Embryogenesis: Developmental Genetics; The Formation of an Embryo from a Fertilized Egg; K. Schrick, T. Laux. 12. Somatic Embryogenesis; T.A. Thorpe, C. Stasolla. 13. Synthetic Seeds of Asparagus officinalis L.; K. Mamiya, et al. 14. Endosperm Development; P.W. Becraft, et al. 15. Seed Maturation, Germination, and Dormancy; A.B. Downie. 16. Gametophytic Apomixis; A Successful Mutation of the Female Gametogenesis; Y. Savidan. 17. Parthenocarpy; State of the Art; A. Spena, G.L. Rotino. 18. Androgenesis in Brassica; A Model System to Study the Initiation of Plant Embryogenesis; J.B.M. Custers, et al. 19. Androgenesis in Cereals; S.K. Datta. 20. In Vitro Gynogenesis; S.S. Bhojwani, T.D. Thomas. 21. Inheritance of Cytoplasmic Traits Embryological Perspectives; T. Kuroiwa, et al. Subject Index.
</subfield>
  </datafield>
  <datafield tag="650" ind1=" " ind2=" ">
    <subfield code="a">Gametogenesis</subfield>
    <subfield code="9">58659</subfield>
  </datafield>
  <datafield tag="650" ind1=" " ind2=" ">
    <subfield code="a">Fertilization</subfield>
    <subfield code="9">58660</subfield>
  </datafield>
  <datafield tag="650" ind1=" " ind2=" ">
    <subfield code="a">Embryogenesis</subfield>
    <subfield code="9">58661</subfield>
  </datafield>
  <datafield tag="650" ind1=" " ind2=" ">
    <subfield code="a">Endosperm</subfield>
    <subfield code="9">58662</subfield>
  </datafield>
  <datafield tag="650" ind1=" " ind2=" ">
    <subfield code="a">Gametophytic</subfield>
    <subfield code="9">58663</subfield>
  </datafield>
  <datafield tag="700" ind1=" " ind2=" ">
    <subfield code="a">BHOJWANI (S S) ed</subfield>
    <subfield code="9">58664</subfield>
  </datafield>
  <datafield tag="700" ind1=" " ind2=" ">
    <subfield code="a">SOH (W Y) ed</subfield>
    <subfield code="9">58665</subfield>
  </datafield>
  <datafield tag="942" ind1=" " ind2=" ">
    <subfield code="2">ddc</subfield>
    <subfield code="c">BK</subfield>
  </datafield>
  <datafield tag="999" ind1=" " ind2=" ">
    <subfield code="c">224679</subfield>
    <subfield code="d">224679</subfield>
  </datafield>
  <datafield tag="952" ind1=" " ind2=" ">
    <subfield code="0">0</subfield>
    <subfield code="1">0</subfield>
    <subfield code="2">ddc</subfield>
    <subfield code="4">0</subfield>
    <subfield code="7">0</subfield>
    <subfield code="8">MB</subfield>
    <subfield code="a">AL</subfield>
    <subfield code="b">AL</subfield>
    <subfield code="d">2022-09-20</subfield>
    <subfield code="e">Biblios Book Point, Surathkal, Mangalore-575014</subfield>
    <subfield code="g">16505.00</subfield>
    <subfield code="l">0</subfield>
    <subfield code="o">583.0433 BHOC</subfield>
    <subfield code="p">076091</subfield>
    <subfield code="r">2022-09-28 00:00:00</subfield>
    <subfield code="v">22006.00</subfield>
    <subfield code="w">2022-09-28</subfield>
    <subfield code="y">BK</subfield>
  </datafield>
</record>
